College Quizbowl Stats
College Quizbowl Stats
Circuits
Seasons
Sets
Records
Detailed Stats
About
Loading...
2024 ACF Fall at Rutgers
Tossups
Bonuses
Players
Teams
Categories (Tossup)
Categories (Bonus)
Daniel Craig
Rutgers B
Categories
Category
Powers
Gets
Negs
BBs
Points
Earliest Buzz
Avg. Buzz
First Buzzes
Top 3 Buzzes
BPA
PVF
Science - Other
0
3
1
2
25
38
64.33
0
1
10.33
11.76
Science - Physics
0
1
0
0
10
53
53.00
0
1
4.09
6.25
Social Science
0
0
1
0
-5
0.00
0
0
0.00
0.00
Buzzes
Category
Answer
Value
Buzz Position
Science - Other
recursion
-5
34
Science - Other
computer memory
10
38
Science - Other
cryptography
10
53
Science - Physics
diodes
10
53
Social Science
mothers
-5
66
Science - Other
bridges
10
102
Previous
1
Next